000 03051nam a22002417a 4500
005 20250408152938.0
008 250408b |||||||| |||| 00| 0 eng d
020 _a9789360539160
040 _cAIMIT LIBRARY
082 _218
_a337
_bCARR
100 _aCarbaugh, Robert J.
_9207904
245 _aInternational economics /
_cBy Robert J Carbaugh.
250 _a18th ed.
260 _aIndia :
_bCengage ,
_c2023.
300 _axix,460p. ;
_bPB
_c26 cm
500 _aDiscover why Carbaugh's INTERNATIONAL ECONOMICS, 18E is favorite among students of all backgrounds for its clear, concise presentation of international trade and finance theory. This edition uses the latest examples from around the world as well as updated, practical applications to vividly demonstrate the relevance of the theory you are learning. This edition is organized around five themes that emphasize global economics and trade issues. This streamlined presentation is clear, concise, and contemporary with award-winning author Dr. Carbaugh.
504 _aThis edition's updated five main organizational themes now highlight globalization of economic activity, free trade and protectionism, trade conflicts between developing nations and industrial nations, liberalizing trade and turbulence in the global financial system. Updated coverage of economic theory prepares readers for more in-depth explorations of contemporary issues, such as wage insurance, foreign aid, and free trade’s impact on the environment. This edition’s memorable examples and practical applications highlight international economic theories at work in today’s real world. Helpful illustrations depict the complex consequences of outsourcing, globalization, free trade, tariffs and exchange rate adjustments. These reader-friendly, engaging themes emphasize issues at the forefront of international economics today, including the globalization of economic activity, free trade and protectionism, trade conflicts between developing nations and industrial nations, liberalizing trade and turbulence in the global financial system. MindTap includes PBS Newshour Videos, Explore it Further, Build the graph
505 _a1. The International Economy and Globalization 2. Foundations of Modern Trade Theory: Comparative Advantage 3. Sources of Comparative Advantage 4. Tariffs 5. Nontariff Trade Barriers 6. Trade Regulations and Industrial Policies 7. Trade Policies for the Developing Nations 8. Regional Trading Arrangements 9. International Factor Movements and Multinational Enterprises International Monetary Relations 10. The Balance-of-Payments 11. Foreign Exchange 12. Exchange Rate Determination 13. Exchange Rate Adjustments and the Balance-of-Payments 14. Exchange Rate Systems and Currency Crises 15. Macroeconomic Policy in an Open Economy
650 _aSources of comparative advantage
_9207905
650 _aNontariff trade barriers
_9207906
650 _aRegional trading arrangements
_9207907
942 _2ddc
_cBK
_e18th
_k337 CARR
999 _c234119
_d234119